<?xml version="1.0" encoding="UTF-8"?>
<record
    xmlns:xsi="http://www.w3.org/2001/XMLSchema-instance"
    xsi:schemaLocation="http://www.loc.gov/MARC21/slim http://www.loc.gov/standards/marcxml/schema/MARC21slim.xsd"
    xmlns="http://www.loc.gov/MARC21/slim">

  <leader>02236nam a2200325 u 4500</leader>
  <controlfield tag="001">000020642</controlfield>
  <controlfield tag="003">OSt</controlfield>
  <controlfield tag="005">20241130074013.0</controlfield>
  <controlfield tag="008">100812s2019        dr     000 0 spa d</controlfield>
  <datafield tag="040" ind1=" " ind2=" ">
    <subfield code="a">DO-SdBNP</subfield>
    <subfield code="b">spa</subfield>
    <subfield code="c">BNPHU</subfield>
  </datafield>
  <datafield tag="082" ind1=" " ind2="4">
    <subfield code="a">709.7293 </subfield>
    <subfield code="b">B588n,  2015</subfield>
    <subfield code="2">22</subfield>
  </datafield>
  <datafield tag="111" ind1="2" ind2=" ">
    <subfield code="a">Bienal Nacional de Artes Visuales</subfield>
    <subfield code="n">(28 : </subfield>
    <subfield code="d">2015  :</subfield>
    <subfield code="c">Santo Domingo, Rep&#xFA;blica Dominicana)</subfield>
    <subfield code="9">76637</subfield>
  </datafield>
  <datafield tag="245" ind1="1" ind2="0">
    <subfield code="a">28 Bienal Nacional de Artes Visuales :</subfield>
    <subfield code="b">dedicada a Fernando Pe&#xF1;a Defill&#xF3; /</subfield>
    <subfield code="c">texto, Odal&#xED;s P&#xE9;rez ... [et.al.] ; fotograf&#xED;a Mariano Hern&#xE1;ndez </subfield>
  </datafield>
  <datafield tag="246" ind1="1" ind2="3">
    <subfield code="a">Veintiocho Bienal Nacional de Artes Visuales</subfield>
  </datafield>
  <datafield tag="246" ind1="1" ind2="3">
    <subfield code="a">28 BNAV</subfield>
  </datafield>
  <datafield tag="260" ind1=" " ind2=" ">
    <subfield code="a">Santo Domingo :</subfield>
    <subfield code="b">Museo de Arte Moderno,</subfield>
    <subfield code="c">2019.</subfield>
  </datafield>
  <datafield tag="300" ind1=" " ind2=" ">
    <subfield code="a">410 p. :</subfield>
    <subfield code="b">il., fots. ;</subfield>
    <subfield code="c">32 cm. </subfield>
  </datafield>
  <datafield tag="500" ind1=" " ind2=" ">
    <subfield code="a">Dedicada a Fernando Pe&#xF1;a Defill&#xF3;.</subfield>
  </datafield>
  <datafield tag="500" ind1=" " ind2=" ">
    <subfield code="a">Cat&#xE1;logo de obras expuestas en la 28 Bienal Nacional de Artes Visuales.</subfield>
  </datafield>
  <datafield tag="505" ind1=" " ind2=" ">
    <subfield code="a">Introducci&#xF3;n </subfield>
    <subfield code="r">Maria Elena Ditr&#xE9;n --</subfield>
    <subfield code="t">28 BNAV : Sue&#xF1;os y esperanzas de una bienal /</subfield>
    <subfield code="r">Odal&#xED;s G. P&#xE9;rez, jurado de seleci&#xF3;n --</subfield>
    <subfield code="t">Artista invitado --</subfield>
    <subfield code="t">La vig&#xE9;simo octava Bienal Nacional  : Riqueza de enfoques y diversidad en las t&#xE9;cnicas de las artes visuales /</subfield>
    <subfield code="r">Mich&#xE9;lle Dalmace, jurado de premiaci&#xF3;n -- </subfield>
    <subfield code="t">Premios y menciones --</subfield>
    <subfield code="t">Una bienal consensuada --</subfield>
    <subfield code="r">Mayra Johnson, jurado de selecci&#xF3;n --</subfield>
    <subfield code="t">28 Bienal de Artes Visuales : escenario de pluralidad y manifestaci&#xF3;n art&#xED;stica / </subfield>
    <subfield code="r">Amelia Soto, jurado de seleccion --</subfield>
    <subfield code="t">Nuesta cultura, identidad y preocupaciones en Las Bienales XXVII /</subfield>
    <subfield code="r">Bingene Armenteros,  curadora / jurado 27 BNAV  --</subfield>
    <subfield code="t">Pensar lo contempor&#xE1;neo como ejercicio art&#xED;stico /</subfield>
    <subfield code="r">Fidel Munnigh --</subfield>
    <subfield code="t">Los medios no tradicionales en el arte dominicano /</subfield>
    <subfield code="r">Plinio Chah&#xED;n --</subfield>
    <subfield code="t">Obras seleccionadas --</subfield>
    <subfield code="t">&#xCD;ndice de artistas--</subfield>
    <subfield code="t">CVS Artistas --</subfield>
    <subfield code="t">Premios de Bienales (1942-2015) --</subfield>
    <subfield code="t">traducciones --</subfield>
  </datafield>
  <datafield tag="590" ind1=" " ind2=" ">
    <subfield code="a">Inventariado, 2020/VM</subfield>
  </datafield>
  <datafield tag="650" ind1=" " ind2="4">
    <subfield code="a">Arte dominicano</subfield>
    <subfield code="y">Siglo XX</subfield>
    <subfield code="v">Exposiciones</subfield>
    <subfield code="9">76639</subfield>
  </datafield>
  <datafield tag="650" ind1=" " ind2="7">
    <subfield code="a">Artistas pl&#xE1;sticos dominicanos </subfield>
    <subfield code="9">76641</subfield>
  </datafield>
  <datafield tag="650" ind1=" " ind2="7">
    <subfield code="a"> Instalaciones (Arte)</subfield>
    <subfield code="y">Siglo XX</subfield>
    <subfield code="v">Exposiciones</subfield>
    <subfield code="9">78498</subfield>
  </datafield>
  <datafield tag="700" ind1="1" ind2=" ">
    <subfield code="a">P&#xE9;rez, Odal&#xED;s </subfield>
    <subfield code="d">1952-</subfield>
    <subfield code="9">23828</subfield>
  </datafield>
  <datafield tag="700" ind1="1" ind2=" ">
    <subfield code="a">Hern&#xE1;ndez, Mariano </subfield>
    <subfield code="e">fotograf&#xED;as</subfield>
    <subfield code="9">59875</subfield>
  </datafield>
  <datafield tag="710" ind1="2" ind2=" ">
    <subfield code="a">Museo de Arte Moderno (Rep&#xFA;blica Dominicana)</subfield>
    <subfield code="9">54941</subfield>
  </datafield>
  <datafield tag="942" ind1=" " ind2=" ">
    <subfield code="2">ddc</subfield>
    <subfield code="c">LF1</subfield>
  </datafield>
  <datafield tag="952" ind1=" " ind2=" ">
    <subfield code="0">0</subfield>
    <subfield code="1">0</subfield>
    <subfield code="2">ddc</subfield>
    <subfield code="5">6</subfield>
    <subfield code="7">0</subfield>
    <subfield code="8">MO</subfield>
    <subfield code="a">BNPHU</subfield>
    <subfield code="b">GR</subfield>
    <subfield code="c">HD</subfield>
    <subfield code="d">2020-03-13</subfield>
    <subfield code="e">Museo de Arte Moderno,</subfield>
    <subfield code="i">LF1</subfield>
    <subfield code="l">0</subfield>
    <subfield code="o"> BNPHU DS 709.7293 B588n 2015</subfield>
    <subfield code="p">20642-30</subfield>
    <subfield code="r">2020-06-25</subfield>
    <subfield code="t">e.3</subfield>
    <subfield code="w">2020-06-25</subfield>
    <subfield code="y">1</subfield>
  </datafield>
  <datafield tag="952" ind1=" " ind2=" ">
    <subfield code="0">0</subfield>
    <subfield code="1">0</subfield>
    <subfield code="2">ddc</subfield>
    <subfield code="5">6</subfield>
    <subfield code="7">0</subfield>
    <subfield code="8">MO</subfield>
    <subfield code="a">BNPHU</subfield>
    <subfield code="b">GR</subfield>
    <subfield code="c">CT</subfield>
    <subfield code="d">2020-03-13</subfield>
    <subfield code="e">Museo de Arte Moderno,</subfield>
    <subfield code="i">LF1</subfield>
    <subfield code="l">0</subfield>
    <subfield code="o">BNPHU DS 709.7293 B588n 2015</subfield>
    <subfield code="p">20642-40</subfield>
    <subfield code="r">2020-06-25</subfield>
    <subfield code="t">e.4</subfield>
    <subfield code="w">2020-06-25</subfield>
    <subfield code="y">1</subfield>
  </datafield>
  <datafield tag="952" ind1=" " ind2=" ">
    <subfield code="0">0</subfield>
    <subfield code="1">0</subfield>
    <subfield code="2">ddc</subfield>
    <subfield code="5">1</subfield>
    <subfield code="7">1</subfield>
    <subfield code="8">MO</subfield>
    <subfield code="a">BNPHU</subfield>
    <subfield code="b">PD</subfield>
    <subfield code="c">HD</subfield>
    <subfield code="d">2020-03-13</subfield>
    <subfield code="e">Museo de Arte Moderno,</subfield>
    <subfield code="i">LF1</subfield>
    <subfield code="l">0</subfield>
    <subfield code="o">BNPHU PD 709.7293 B588n 2015</subfield>
    <subfield code="p">20642-10</subfield>
    <subfield code="r">2020-06-25</subfield>
    <subfield code="w">2020-06-25</subfield>
    <subfield code="y">LBS1</subfield>
  </datafield>
  <datafield tag="952" ind1=" " ind2=" ">
    <subfield code="0">0</subfield>
    <subfield code="1">0</subfield>
    <subfield code="2">ddc</subfield>
    <subfield code="7">2</subfield>
    <subfield code="8">MO</subfield>
    <subfield code="a">BNPHU</subfield>
    <subfield code="b">PD</subfield>
    <subfield code="c">CT</subfield>
    <subfield code="d">2020-03-13</subfield>
    <subfield code="e">Museo de Arte Moderno,</subfield>
    <subfield code="i">LF1</subfield>
    <subfield code="l">0</subfield>
    <subfield code="o">BNPHU PD 709.7293 B588n 2015</subfield>
    <subfield code="p">20642-20</subfield>
    <subfield code="r">2020-06-25</subfield>
    <subfield code="t">e.2</subfield>
    <subfield code="w">2020-06-25</subfield>
    <subfield code="y">LBS1</subfield>
  </datafield>
  <datafield tag="956" ind1=" " ind2=" ">
    <subfield code="a">VMateo</subfield>
  </datafield>
  <datafield tag="999" ind1=" " ind2=" ">
    <subfield code="c">20146</subfield>
    <subfield code="d">20146</subfield>
  </datafield>
</record>
